| 000 | 00535 a2200169 4500 | ||
|---|---|---|---|
| 001 | 067016 | ||
| 003 | OSt | ||
| 005 | 20211025171518.0 | ||
| 008 | |||
| 082 |
_a823 _bM89C |
||
| 100 | 1 | _aAnand, Mulkraj | |
| 245 | 1 |
_aCoolie _cby Mulkraj Anand |
|
| 260 |
_aLondon _bPenguin _c1993 |
||
| 300 | _a282p. | ||
| 690 | _aIndia; Indic fiction (English); Manners and customs; Socialism; India--Punjab; Class consciousness; Children's literature, Indic (English); Indic literature (English) | ||
| 942 |
_2ddc _cBK |
||
| 999 |
_c1004 _d1004 |
||